Statistics for Champions of obscure college sports

Click here to take the quiz!

General Stats

  • This quiz has been taken 6 times
  • The average score is 12 of 35

Answer Stats

HintAnswer% Correct
Waterski MAlabama
80%
Meat Animal EvaluationKansas State
60%
Racquetball MOregon State
60%
JudoSan Jose State
60%
Meat JudgingTexas A&M
60%
Wool JudgingTexas A&M
60%
TaekwondoUCLA
60%
SkydivingAir Force
40%
Boxing MAir Force
40%
Quadball D2Arizona State
40%
HandballArmy
40%
Boxing WArmy
40%
Road CyclingColorado State
40%
Mascot DanceGeorgia Tech
40%
Soil JudgingMaryland
40%
DodgeballMichigan State
40%
Sprint FootballNavy
40%
ForensicsNebraska
40%
Indoor Tennis WNorth Carolina
40%
Gaelic FootballNotre Dame
40%
Bollywood Fusion DanceOhio State
40%
CricketPittsburgh
40%
Indoor Tennis MTexas Christian
40%
Dairy Cattle JudgingVirginia Tech
40%
A CapellaBelmont
20%
Disc Golf MCincinnati
20%
Dairy TastingClemson
20%
Disc Golf WMissouri
20%
Racqueteball WBaldwin Wallace
0%
PaintballCentral Florida
0%
Waterski WLouisiana
0%
CurlingPennsylvania
0%
Irish DanceSacred Heart
0%
Quadball D1UTSA
0%
ChessWebster
0%

Score Distribution

Percentile by Number Answered

Percent of People with Each Score

Your Score History

You have not taken this quiz